| 000 | 00580nam a22001817a 4500 | ||
|---|---|---|---|
| 005 | 20251108164721.0 | ||
| 008 | 250721s1985 xx 000 0 ara d | ||
| 082 | 1 | 4 | _a812.95662/عبد |
| 100 | 1 | _aمكاوي، عبد الغفار | |
| 245 | 1 | 0 |
_aمسرحيات يمنية : _bالليل و الجبل - البطل - الحلم / |
| 264 | 1 |
_aالقاهرة : _bدار الهلال للنشر، _c1985. |
|
| 300 | _a225ص | ||
| 490 | 0 | _aروايات الهلال | |
| 650 | 1 | 7 | _aالمسرحيات العربية |
| 650 | 1 | 7 | _aاليمن |
| 942 |
_2ddc _cBK |
||
| 999 |
_c12586 _d12586 |
||